Countries Furthest From the Equator Where It Doesn't Snow - Statistics

General Stats
  • This quiz has been taken 39 times
  • The average score is 12 of 20
Answer Stats
Latitude Country % Correct
31° N Egypt
71%
23° N Chad
68%
25° N Mali
68%
27° N Bahamas
65%
30° N Kuwait
65%
36° N Malta
65%
23° N Niger
65%
22° N Sudan
65%
35° S Uruguay
65%
23° N Cuba
62%
27° N Mauritania
62%
28° S Paraguay
62%
27° S Botswana
59%
27° S Mozambique
59%
22° S Tonga
59%
26° N Bahrain
56%
26° N Qatar
53%
22° S Zimbabwe
50%
26° N Bangladesh
47%
22° N Laos
47%
No matching quizzes found
Score Distribution
Percent of People with Each Score
Percentile by Number Answered
Your Score History
You have not taken this quiz